000
00284nam a2200109Ia 4500
008
190914s9999||||xx |||||||||||||| ||und||
100
_a
Gerstein,Larry J.
245
0
_a
Introduction To Mathematical Structures and proofs
260
_a
India
_b
Addision
_c
1999
300
_a
451
942
_c
BK
999
_c
8627
_d
8627